Logo BPK

Bibliografia Prac Pracowników

Politechniki Koszalińskiej

Ewaluacja ryzyka emisji krótkoterminowych papierów dłużnych / (Rekord nr 9331)

Szczegóły MARC
000 -ETYKIETA REKORDU
podpole kontrolne o stałej długości 00868naa a22001697i 4500
001 - NUMER KONTROLNY REKORDU
podpole kontrolne 9331
003 - IDENTYFIKATOR NUMERU KONTROLNEGO REKORDU
podpole kontrolne KOSZ 005
005 - DATA OSTATNIEJ MODYFIKACJI REKORDU
podpole kontrolne 20180426133724.0
008 - POLE O STAŁEJ DŁUGOŚCI - DANE KONTROLNE
podpole kontrolne o stałej długości 180324s2000 pl ||||| ||||1|| 0 pol d
040 ## - ŹRÓDŁO KATALOGOWANIA
Instytucja, która utworzyła rekord KOSZ 005/HR
Instytucja, która sporządziła opis KOSZ 005/HR
041 0# - KOD JĘZYKA
Kod języka tekstu pol
100 1# - NAZWA OSOBOWA
Nazwa osobowa ZAWADZKA, Danuta.
Lata pracy 1999-2006.
Instytucja Politechnika Koszalińska - Wydział Ekonomii i Zarządzania,
Wydział Katedra Rachunkowości i Finansów, Zakład Finansów
245 10 - TYTUŁ/ODPOWIEDZIALNOŚĆ
Tytuł Ewaluacja ryzyka emisji krótkoterminowych papierów dłużnych /
Pozostałe elementy strefy tytułu i oznaczenia odpowiedzialności Danuta Zawadzka.
655 #0 - TERMIN INDEKSOWY - OKREŚLENIE RODZAJU/FORMY DOKUMENTU
Określnie rodzaju/formy dokumentu Materiały konferencyjne.
773 0# - TYTUŁ DOKUMENTU MACIERZYSTEGO
Wyrażenie wprowadzające W :
Tytuł Rynek kapitałowy : skuteczne inwestowanie : konferencja naukowa, Międzyzdroje 21-23 września 2000 r. Cz. 2 / red. naukowy Waldemar Tarczyński. -
Adres wydawniczy Szczecin : Wydaw. Naukowe US, 2000. -
Informacje dotyczące relacji s. 667-678
Strefa serii Materiały, Konferencje - Uniwersytet Szczeciński ; nr 53
ISSN 1232-5848
942 ## - HASŁO DODATKOWE - ELEMENTY(KOHA)
Typ dokumentu Rozdział
Schemat klasyfikacji Uniwersalna klasyfikacja dziesiętna

Brak dostępnych egzemplarzy.

© 2014 Biblioteka Politechniki Koszalińskiej :: BIBLIOGRAFIA PRAC PRACOWNIKÓW